| Tag |
First Indicator |
Second Indicator |
Subfields |
| LEADER |
00000cam a2200000 a 4500 |
| 001 |
in00001700813 |
| 005 |
20151024162213.0 |
| 008 |
011218s2002 nju b 001 0 eng |
| 010 |
|
|
|a 2001059391
|
| 020 |
|
|
|a 157273437X (c : alk. paper)
|
| 020 |
|
|
|a 1572734388 (p : alk. paper)
|
| 035 |
|
|
|a (OCoLC)ocm48753883
|
| 040 |
|
|
|a DLC
|c DLC
|d UtOrBLW
|
| 049 |
|
|
|a TXAM
|
| 050 |
0 |
0 |
|a PE1404
|b .A34 2002
|
| 082 |
0 |
0 |
|a 808/.042
|2 21
|
| 100 |
1 |
|
|a Adler-Kassner, Linda.
|
| 245 |
1 |
0 |
|a Basic writing as a political act :
|b public conversations about writing and literacies /
|c Linda Adler-Kassner, Susanmarie Harrington.
|
| 264 |
|
1 |
|a Cresskill, N.J. :
|b Hampton Press,
|c [2002]
|
| 264 |
|
4 |
|c ©2002
|
| 300 |
|
|
|a xi, 116 pages ;
|c 23 cm.
|
| 336 |
|
|
|a text
|b txt
|2 rdacontent
|
| 337 |
|
|
|a unmediated
|b n
|2 rdamedia
|
| 338 |
|
|
|a volume
|b nc
|2 rdacarrier
|
| 490 |
1 |
|
|a Research and teaching in rhetoric and composition
|
| 504 |
|
|
|a Includes bibliographical references (pages 105-111) and indexes.
|
| 650 |
|
0 |
|a English language
|x Rhetoric
|x Study and teaching.
|
| 650 |
|
0 |
|a Basic writing (Remedial education)
|
| 700 |
1 |
|
|a Harrington, Susanmarie.
|
| 830 |
|
0 |
|a Research and teaching in rhetoric and composition.
|
| 945 |
|
|
|i PromptCat
|
| 948 |
|
|
|a cataloged
|b h
|c 2002/10/29
|d c
|e dmitchel
|f 1:26:16 pm
|
| 994 |
|
|
|a 92
|b TXA
|
| 999 |
|
|
|a MARS
|
| 999 |
f |
f |
|s eada801c-1eee-374f-b16e-0400e3d03621
|i 7151daaf-3ecd-3399-a227-6938062d345f
|t 0
|
| 952 |
f |
f |
|p normal
|a Texas A&M University
|b College Station
|c Sterling C. Evans Library
|d Evans: Library Stacks
|t 0
|e PE1404 .A34 2002
|h Library of Congress classification
|i unmediated -- volume
|m A14829433421
|
| 998 |
f |
f |
|a PE1404 .A34 2002
|t 0
|l Evans: Library Stacks
|